Návrh zlepšenia procesu adaptácie vs. duálne vzdelávanie zamestnancov v podniku HF NaJUS, a. s.

Na minha lista:
Detalhes bibliográficos
Autor principal: Šperka, Karol (Author)
Outros Autores: Homokyová, Mária (Thesis advisor)
Formato: Manuscrito Livro
Idioma:eslovaco
Publicado em: 2016
Assuntos:
Acesso em linha:http://is.stuba.sk/zp/portal_zp.pl?podrobnosti=118315
Tags: Adicionar Tag
Sem tags, seja o primeiro a adicionar uma tag!

MARC

LEADER 00000ntm a22000003a 4500
001 stuzp56364
003 SK-STU
005 20160719154958.1
007 ta
008 150427s2015----xo-----f-mn---000-0-slo-d
040 |a STU  |b slo 
041 0 |a slo 
100 1 |a Šperka, Karol  |u 064000  |k Z4  |4 aut  |U MTF Materiálovotechnologická fakulta  |T MTF Ústav priemyselného inžinierstva a manažmentu  |X 45572  |U M4000  |Y 84  |7 A000045572 
242 0 1 |a Proposes improving the process of adaptation vs. dual education in the company HF NaJUS  |y eng 
245 1 0 |a Návrh zlepšenia procesu adaptácie vs. duálne vzdelávanie zamestnancov v podniku HF NaJUS, a. s. 
260 |c 2016 
650 4 |a adaptácia  |2 slo 
650 4 |a duálne vzdelávanie  |2 slo 
650 4 |a ľudské zdroje  |2 slo 
650 4 |a adaptation  |2 eng 
650 4 |a dual education  |2 eng 
650 4 |a human resources  |2 eng 
700 1 |a Homokyová, Mária  |u 064000  |k Z1  |4 ths  |U MTF Materiálovotechnologická fakulta  |T MTF Ústav priemyselného inžinierstva a manažmentu  |X 2756  |U M4000  |Y 84  |7 A000002756 
856 4 |u http://is.stuba.sk/zp/portal_zp.pl?podrobnosti=118315 
996 |c M* DP-12739  |l MMSKP  |s P  |a 0  |w stuzp56364_0001 
SQL |a stuzp56364  |b DDP  |c SLO  |d Návrh zlepšenia procesu adaptácie vs. duálne vzdelávanie zamestnancov v podniku HF NaJUS, a. s.  |e 45572  |f Šperka, Karol  |g 064000  |h 2756  |i Homokyová, Mária  |j 20160530  |k 189  |l 06  |m http://is.stuba.sk/zp/portal_zp.pl?podrobnosti=118315  |n I-PMA  |o 5.2.52. priemyselné inžinierstvo